Christianity's Dangerous Memory (Record no. 120081)
[ view plain ]
| 000 -LEADER | |
|---|---|
| fixed length control field | 00497nam a22001457a 4500 |
| 008 - FIXED-LENGTH DATA ELEMENTS--GENERAL INFORMATION | |
| fixed length control field | 140218b xxu||||| |||| 00| 0 eng d |
| 020 ## - INTERNATIONAL STANDARD BOOK NUMBER | |
| International Standard Book Number | 9780824526788 |
| 050 ## - LIBRARY OF CONGRESS CALL NUMBER | |
| Classification number | BT202.057 2011 |
| 100 ## - MAIN ENTRY--PERSONAL NAME | |
| Personal name | O'Murchu, Diarmuid |
| 9 (RLIN) | 8743 |
| 245 ## - TITLE STATEMENT | |
| Title | Christianity's Dangerous Memory |
| Remainder of title | A rediscovery of the Revolutionary Jesus / |
| Statement of responsibility, etc | Diarmuid O'Murchu |
| 260 ## - PUBLICATION, DISTRIBUTION, ETC. (IMPRINT) | |
| Place of publication, distribution, etc | New York |
| Name of publisher, distributor, etc | The Crossroad Publishing Company |
| Date of publication, distribution, etc | 2011 |
| 300 ## - PHYSICAL DESCRIPTION | |
| Extent | 216p.: |
| Dimensions | 23cm. |
| 650 ## - SUBJECT ADDED ENTRY--TOPICAL TERM | |
| Topical term or geographic name as entry element | Jesus Christ |
| General subdivision | Person |
| 9 (RLIN) | 8744 |
| 942 ## - ADDED ENTRY ELEMENTS (KOHA) | |
| Source of classification or shelving scheme | Library of Congress Classification |
| Item type | Monograph ( Printed materials) |
| Koha issues (borrowed), all copies | 2 |
| Withdrawn status | Lost status | Source of classification or shelving scheme | Damaged status | Not for loan | Home library | Current library | Shelving location | Date acquired | Total Checkouts | Full call number | Barcode | Date last seen | Date last borrowed | Price effective from | Koha item type |
|---|---|---|---|---|---|---|---|---|---|---|---|---|---|---|---|
| Library of Congress Classification | ARRUPE LIBRARY | ARRUPE LIBRARY | Main Collection | 18/02/2014 | 3 | BT202.057 2011 | 46500002152 | 01/12/2016 | 22/02/2016 | 18/02/2014 | Monograph ( Printed materials) |